[Event "Vienna op-A"]
[Site "Vienna"]
[Date "2016.08.22"]
[Round "8"]
[White "Mertens, Heiko"]
[Black "Fauland, Alexander"]
[Result "1/2-1/2"]
[WhiteElo "2297"]
[BlackElo "2431"]
[PlyCount "100"]
[EventDate "2016.08.16"]
[EventType "swiss"]
[EventRounds "9"]
[EventCountry "AUT"]
[SourceTitle "CBM 173 Extra"]
[Source "ChessBase"]
[SourceDate "2016.08.29"]
[SourceVersion "1"]
[SourceVersionDate "2016.08.29"]
[SourceQuality "1"]

1. Nf3 d6 2. c4 Nf6 3. g3 Bg4 4. Bg2 c6 5. Nc3 Nbd7 6. b3 e5 7. 0-0 Be7 8. Bb2 0-0 9. h3 Bh5 10. g4 Bg6 11. Nh4 Ne8 12. Nxg6 hxg6 13. d4 f5 14. dxe5 dxe5 15. Qc2 Bc5 16. Rad1 Rf7 17. Na4 Bd6 18. c5 Bc7 19. Qc4 Qe7 20. b4 a6 21. Rd2 e4 22. Rfd1 Nef6 23. g5 Nd5 24. Nc3 Ne5 25. Nxd5 Nxc4 26. Nxe7+ Rxe7 27. Rd7 Rae8 28. Bc3 Be5 29. Be1 Kf7 30. Bf1 Nb2 31. R1d2 Bc3 32. Rxe7+ Rxe7 33. Rc2 Bxe1 34. Rxb2 e3 35. fxe3 Bh4 36. Rb3 Bxg5 37. Kf2 Bh4+ 38. Kg1 Re4 39. a3 Rc4 40. Rd3 Ke7 41. Rd4 Rxd4 42. exd4 Ke6 43. e4 fxe4 44. Bc4+ Kd7 45. Kf1 Bf6 46. d5 Bb2 47. a4 Bc3 48. dxc6+ bxc6 49. Ke2 Bxb4 50. Ke3 Bxc5+ 1/2-1/2

[Event "Douglas PokerStars op"]
[Site "Douglas"]
[Date "2015.10.06"]
[Round "4"]
[White "Mertens, Heiko"]
[Black "Player, Edmund C"]
[Result "1/2-1/2"]
[WhiteElo "2309"]
[BlackElo "2200"]
[PlyCount "44"]
[EventDate "2015.10.03"]
[EventType "swiss"]
[EventRounds "9"]
[EventCountry "IOM"]
[SourceTitle "CBM 168 Extra"]
[Source "ChessBase"]
[SourceDate "2015.10.29"]
[SourceVersion "1"]
[SourceVersionDate "2015.10.29"]
[SourceQuality "1"]

1. e4 e6 2. d3 d5 3. Nd2 Nf6 4. Ngf3 Bc5 5. Be2 Nc6 6. 0-0 dxe4 7. Nxe4 Nxe4 8. dxe4 Qxd1 9. Rxd1 e5 10. c3 a5 11. Nd2 Be6 12. Nb3 Bb6 13. Be3 Bxe3 14. fxe3 Ke7 15. Nc5 b6 16. Nxe6 fxe6 17. Bb5 Nb8 18. Rd2 Rd8 19. Rf2 Rf8 20. Rd2 Rd8 21. Rf2 Rf8 22. Rd2 Rd8 1/2-1/2

[Event "BL2-West 1415"]
[Site "Germany"]
[Date "2015.04.12"]
[Round "9.5"]
[White "Mertens, Heiko"]
[Black "Bosboom, Manuel"]
[Result "1/2-1/2"]
[WhiteElo "2320"]
[BlackElo "2426"]
[PlyCount "42"]
[EventDate "2014.09.21"]
[EventType "team-tourn"]
[EventRounds "9"]
[EventCountry "GER"]
[SourceTitle "CBM 166 Extra"]
[Source "ChessBase"]
[SourceDate "2015.06.18"]
[SourceVersion "1"]
[SourceVersionDate "2015.06.18"]
[SourceQuality "1"]
[WhiteTeam "Godesberg"]
[BlackTeam "Bochum SV"]
[WhiteTeamCountry "GER"]
[BlackTeamCountry "GER"]

1. e4 c5 2. Nf3 d6 3. d4 cxd4 4. Nxd4 Nf6 5. Nc3 a6 6. Bg5 Nbd7 7. Qe2 g6 8. f4 e5 9. Nf3 Be7 10. 0-0-0 Qa5 11. Kb1 b5 12. Bxf6 Nxf6 13. fxe5 dxe5 14. Nxe5 Qc7 15. Nf3 Bb7 16. e5 Nh5 17. g3 0-0 18. Bg2 Rad8 19. e6 Bf6 20. exf7+ Qxf7 21. Ne4 Rde8 1/2-1/2

[Event "BL2-West 1213"]
[Site "Germany"]
[Date "2012.12.09"]
[Round "4.5"]
[White "Dambacher, Martijn"]
[Black "Mertens, Heiko"]
[Result "1-0"]
[WhiteElo "2471"]
[BlackElo "2301"]
[PlyCount "69"]
[EventDate "2012.10.14"]
[EventType "team-tourn"]
[EventRounds "9"]
[EventCountry "GER"]
[SourceTitle "CBM 154 Extra"]
[Source "ChessBase"]
[SourceDate "2013.06.25"]
[SourceVersion "2"]
[SourceVersionDate "2013.06.25"]
[SourceQuality "1"]
[WhiteTeam "Aachen Aufwaerts"]
[BlackTeam "Godesberg"]
[WhiteTeamCountry "GER"]
[BlackTeamCountry "GER"]

1. d4 Nf6 2. c4 e6 3. Nc3 Bb4 4. Bg5 h6 5. Bh4 b6 6. f3 Be7 7. Bg3 d5 8. cxd5 Nxd5 9. Nxd5 exd5 10. Qa4+ Bd7 11. Qb3 Be6 12. Qa4+ Bd7 13. Qd1 0-0 14. e3 Re8 15. Bd3 Bg5 16. f4 Bf6 17. Kf2 c5 18. Nf3 Bg4 19. dxc5 Bxb2 20. Rb1 Ba3 21. cxb6 axb6 22. Qd2 Bxf3 23. gxf3 Bc5 24. Rhe1 Qe7 25. Bb5 Rd8 26. Kg2 Na6 27. Re2 Qf6 28. Bd3 g6 29. Qe1 Qc6 30. f5 g5 31. Be5 Nc7 32. Qg3 Ra7 33. Qh3 Re8 34. f6 Rxe5 35. Qxh6 1-0

[Event "BL2-West 1213"]
[Site "Germany"]
[Date "2012.11.25"]
[Round "3.4"]
[White "Kohlweyer, Bernd"]
[Black "Mertens, Heiko"]
[Result "1/2-1/2"]
[WhiteElo "2456"]
[BlackElo "2301"]
[PlyCount "42"]
[EventDate "2012.10.14"]
[EventType "team-tourn"]
[EventRounds "9"]
[EventCountry "GER"]
[SourceTitle "CBM 154 Extra"]
[Source "ChessBase"]
[SourceDate "2013.06.25"]
[SourceVersion "2"]
[SourceVersionDate "2013.06.25"]
[SourceQuality "1"]
[WhiteTeam "Dortmund Hansa"]
[BlackTeam "Godesberg"]
[WhiteTeamCountry "GER"]
[BlackTeamCountry "GER"]

1. d4 d5 2. c4 c6 3. e3 Nf6 4. Nf3 Bg4 5. Qb3 Qb6 6. Nc3 e6 7. Nh4 Be7 8. h3 Bh5 9. g4 Bg6 10. Nxg6 hxg6 11. Bg2 g5 12. Bd2 Nbd7 13. 0-0-0 0-0-0 14. Kb1 Qxb3 15. axb3 Nf8 16. Rhf1 dxc4 17. bxc4 Ng6 18. Bc1 Nh4 19. Bh1 Ng6 20. Bg2 Nh4 21. Bh1 Ng6 1/2-1/2

[Event "BL2-West 1213"]
[Site "Germany"]
[Date "2012.10.14"]
[Round "1.4"]
[White "Hammes, Michael"]
[Black "Mertens, Heiko"]
[Result "0-1"]
[WhiteElo "2368"]
[BlackElo "2301"]
[PlyCount "132"]
[EventDate "2012.10.14"]
[EventType "team-tourn"]
[EventRounds "9"]
[EventCountry "GER"]
[SourceTitle "CBM 154 Extra"]
[Source "ChessBase"]
[SourceDate "2013.06.25"]
[SourceVersion "2"]
[SourceVersionDate "2013.06.25"]
[SourceQuality "1"]
[WhiteTeam "Koblenz"]
[BlackTeam "Godesberg"]
[WhiteTeamCountry "GER"]
[BlackTeamCountry "GER"]

1. d4 d5 2. c4 dxc4 3. Nf3 Nf6 4. e3 e6 5. Bxc4 a6 6. Nc3 b5 7. Bb3 Bb7 8. 0-0 Nbd7 9. Qe2 c5 10. Rd1 Qb8 11. d5 exd5 12. Nxd5 Nxd5 13. Bxd5 Bxd5 14. Rxd5 Be7 15. e4 Qb7 16. Bg5 f6 17. Bf4 0-0 18. Re1 Rfe8 19. Nh4 Bf8 20. Rdd1 c4 21. Bd6 Bxd6 22. Rxd6 Nc5 23. f3 Nd3 24. Rb1 Qa7+ 25. Kf1 Qc7 26. Rxd3 cxd3 27. Qxd3 Qxh2 28. Nf5 Red8 29. Qb3+ Kh8 30. Qf7 Qh1+ 31. Ke2 Rd2+ 32. Ke3 Qxg2 33. Qxg7+ Qxg7 34. Nxg7 Rh2 35. Nf5 Rd8 36. a3 Rhd2 37. Rc1 Rxb2 38. Rc6 Rb3+ 39. Kf4 Rxa3 40. Rxf6 Rb8 41. e5 Rd3 42. e6 Rdd8 43. e7 Re8 44. Rxa6 b4 45. Ke5 b3 46. Ra1 b2 47. Rb1 Rb6 48. f4 Kg8 49. Rg1+ Kh8 50. Rb1 h6 51. Kd5 Kh7 52. Ke5 h5 53. Rh1 Rxe7+ 54. Nxe7 b1Q 55. Rxb1 Rxb1 56. Nf5 Kg6 57. Nh4+ Kf7 58. Kf5 Rb5+ 59. Ke4 Kf6 60. Ng2 Rb3 61. Nh4 Ra3 62. Ng2 Rg3 63. Nh4 Rg4 64. Nf3 h4 65. Ke3 h3 66. Kf2 Kf5 0-1

[Event "BL2-West 1112"]
[Site "Germany"]
[Date "2012.04.15"]
[Round "9.4"]
[White "Mertens, Heiko"]
[Black "Skulener, Wladimir"]
[Result "1/2-1/2"]
[WhiteElo "2354"]
[BlackElo "2363"]
[PlyCount "63"]
[EventDate "2011.10.02"]
[EventType "team-tourn"]
[EventRounds "9"]
[EventCountry "GER"]
[SourceTitle "EXT 2015"]
[Source "ChessBase"]
[SourceDate "2014.11.20"]
[SourceVersion "1"]
[SourceVersionDate "2014.11.20"]
[SourceQuality "1"]
[WhiteTeam "Godesberg"]
[BlackTeam "Aachen"]
[WhiteTeamCountry "GER"]
[BlackTeamCountry "GER"]

1. e4 Nf6 2. e5 Nd5 3. d4 d6 4. c4 Nb6 5. exd6 cxd6 6. d5 e6 7. a4 exd5 8. cxd5 Be7 9. a5 N6d7 10. Nf3 0-0 11. Bd3 Bf6 12. 0-0 Nc5 13. Bc2 Nba6 14. Nc3 Nb4 15. Bb1 b6 16. axb6 Qxb6 17. Bg5 Qd8 18. Bxf6 Qxf6 19. Qd4 Qxd4 20. Nxd4 Bb7 21. Nf5 Rfd8 22. Ra5 g6 23. Nxd6 Rxd6 24. Rxc5 Nxd5 25. Rd1 Rad8 26. Ne4 R6d7 27. f3 Kg7 28. Rcc1 Nf4 29. Rxd7 Rxd7 30. Kf2 Nd3+ 31. Bxd3 Rxd3 32. Rc7 1/2-1/2

[Event "Reykjavik op"]
[Site "Reykjavik"]
[Date "2012.03.08"]
[Round "3"]
[White "Ragnarsson, Johann Hjortur"]
[Black "Mertens, Heiko"]
[Result "1/2-1/2"]
[WhiteElo "2082"]
[BlackElo "2336"]
[PlyCount "140"]
[EventDate "2012.03.06"]
[EventType "swiss"]
[EventRounds "9"]
[EventCountry "ISL"]
[SourceTitle "CBM 147 Extra"]
[Source "ChessBase"]
[SourceDate "2012.04.24"]
[SourceVersion "1"]
[SourceVersionDate "2012.04.24"]
[SourceQuality "1"]

1. d4 Nf6 2. c4 e6 3. Nc3 c5 4. d5 exd5 5. cxd5 d6 6. e4 g6 7. f3 Bg7 8. Bg5 h6 9. Be3 0-0 10. Qd2 Kh7 11. Bd3 Nbd7 12. Nge2 a6 13. a4 Ne5 14. Ng3 Nxd3+ 15. Qxd3 Rb8 16. 0-0 Re8 17. h3 Nd7 18. f4 Qc7 19. e5 dxe5 20. f5 c4 21. Qc2 Nf6 22. fxg6+ fxg6 23. a5 Bd7 24. Bb6 Qd6 25. Nce4 Nxe4 26. Nxe4 Qe7 27. Bc5 Qh4 28. Nd6 Rf8 29. Nxc4 Rxf1+ 30. Rxf1 Bf5 31. Qb3 Rc8 32. Qb4 Rd8 33. Bf2 Qe4 34. Qb6 Qxd5 35. Ne3 Qd7 36. Rd1 Bd3 37. Ng4 Rf8 38. Qe3 e4 39. Qxe4 Bxe4 40. Rxd7 Bc6 41. Re7 Rd8 42. Be3 g5 43. Ne5 Bb5 44. h4 Re8 45. Rxe8 Bxe8 46. Nf3 Bxb2 47. hxg5 h5 48. Kf2 Bc3 49. Bb6 Kg6 50. Kg3 Kf5 51. Bd8 Ke6 52. Kf4 Bb2 53. Nh4 Bc1+ 54. Ke4 Bc6+ 55. Kd4 Bf4 56. Ng6 Bg3 57. Ke3 h4 58. Nf4+ Kf5 59. Ne2 Kg4 60. Nxg3 Kxg3 61. g6 Bd5 62. Kd4 Ba2 63. Kc5 Kxg2 64. Bxh4 Kh3 65. Bf2 Kg4 66. Kb6 Kf5 67. Kxb7 Kxg6 68. Kxa6 Bc4+ 69. Kb6 Kf7 70. a6 Bxa6 1/2-1/2

[Event "BL2-West 1112"]
[Site "Germany"]
[Date "2012.02.05"]
[Round "6.5"]
[White "Mertens, Heiko"]
[Black "Weber, Ulrich"]
[Result "1/2-1/2"]
[WhiteElo "2354"]
[BlackElo "2406"]
[PlyCount "84"]
[EventDate "2011.10.02"]
[EventType "team-tourn"]
[EventRounds "9"]
[EventCountry "GER"]
[SourceTitle "EXT 2015"]
[Source "ChessBase"]
[SourceDate "2014.11.20"]
[SourceVersion "1"]
[SourceVersionDate "2014.11.20"]
[SourceQuality "1"]
[WhiteTeam "Godesberg"]
[BlackTeam "Hofheim"]
[WhiteTeamCountry "GER"]
[BlackTeamCountry "GER"]

1. e4 c5 2. Nf3 d6 3. d4 cxd4 4. Nxd4 Nf6 5. Nc3 a6 6. f4 Qc7 7. Bd3 g6 8. 0-0 Bg7 9. Kh1 Nbd7 10. Qe1 b5 11. a3 Bb7 12. Nf3 0-0 13. Qh4 e6 14. Bd2 Rae8 15. Rae1 Nc5 16. e5 Nd5 17. Ng5 h6 18. Nge4 Nxe4 19. Nxe4 dxe5 20. fxe5 Qxe5 21. Nc5 Qc7 22. Nxb7 Qxb7 23. Bxh6 f5 24. Rf3 Bxh6 25. Qxh6 Qg7 26. Qg5 Qf6 27. Qg3 g5 28. Qd6 g4 29. Rff1 Re7 30. Bxf5 exf5 31. Qxd5+ Kg7 32. Rxe7+ Qxe7 33. Qd4+ Kg6 34. Rd1 Qe2 35. Qd2 Re8 36. Kg1 Re6 37. b3 a5 38. Qxe2 Rxe2 39. Rd6+ Kg5 40. Rc6 b4 41. axb4 axb4 42. Rc4 f4 1/2-1/2

[Event "BL2-West 1112"]
[Site "Germany"]
[Date "2012.01.15"]
[Round "5.4"]
[White "Mertens, Heiko"]
[Black "Illner, Achim"]
[Result "1/2-1/2"]
[WhiteElo "2354"]
[BlackElo "2375"]
[PlyCount "109"]
[EventDate "2011.10.02"]
[EventType "team-tourn"]
[EventRounds "9"]
[EventCountry "GER"]
[SourceTitle "EXT 2015"]
[Source "ChessBase"]
[SourceDate "2014.11.20"]
[SourceVersion "1"]
[SourceVersionDate "2014.11.20"]
[SourceQuality "1"]
[WhiteTeam "Godesberg"]
[BlackTeam "Bochum"]
[WhiteTeamCountry "GER"]
[BlackTeamCountry "GER"]

1. d4 d5 2. c4 e6 3. Nc3 Be7 4. Nf3 Nf6 5. Bf4 0-0 6. e3 b6 7. cxd5 Nxd5 8. Nxd5 exd5 9. Bd3 c5 10. dxc5 bxc5 11. 0-0 Nc6 12. Ne5 Nxe5 13. Bxe5 Be6 14. Qc2 g6 15. b3 Rc8 16. Rfd1 Bf6 17. Qb2 d4 18. Bxf6 Qxf6 19. Rac1 Bg4 20. f3 Be6 21. Bc4 Rfd8 22. Bxe6 Qxe6 23. exd4 cxd4 24. Rxc8 Qxc8 25. h3 d3 26. Kh1 Qe6 27. Qf2 a5 28. Qh4 Rd5 29. Qe4 Qd6 30. Qc4 d2 31. Qc8+ Kg7 32. Qc3+ f6 33. Qe3 Rd3 34. Qa7+ Kh6 35. Qf2 Qf4 36. Qe2 Qd4 37. Kh2 g5 38. Kh1 Qd6 39. Qe4 Rd4 40. Qe3 Kg7 41. Kg1 h5 42. Kf2 Rd5 43. Qa7+ Kh6 44. Qe3 h4 45. Kg1 Qc7 46. Qe6 Qc5+ 47. Kh2 Qd4 48. Qe7 Rd8 49. Kh1 Rc8 50. Kh2 Qf4+ 51. Kh1 Rc1 52. Qf8+ Kg6 53. Qg8+ Kf5 54. Qd5+ Kg6 55. Qg8+ 1/2-1/2

[Event "Trieste op 13th"]
[Site "Trieste"]
[Date "2011.09.06"]
[Round "5"]
[White "Bensch, Patrick"]
[Black "Mertens, Heiko"]
[Result "1/2-1/2"]
[WhiteElo "2175"]
[BlackElo "2354"]
[PlyCount "144"]
[EventDate "2011.09.03"]
[EventType "swiss"]
[EventRounds "9"]
[EventCountry "ITA"]
[SourceTitle "CBM 144 Extra"]
[Source "ChessBase"]
[SourceDate "2011.10.28"]
[SourceVersion "1"]
[SourceVersionDate "2011.10.28"]
[SourceQuality "1"]

1. e4 g6 2. d4 Bg7 3. Nc3 c6 4. Nf3 d5 5. h3 dxe4 6. Nxe4 Nd7 7. Bd3 Ngf6 8. 0-0 Nxe4 9. Bxe4 0-0 10. c4 Qc7 11. Re1 b6 12. Bg5 Nf6 13. Bd3 Bb7 14. Qe2 Rfe8 15. Rad1 Rad8 16. Qe3 c5 17. dxc5 bxc5 18. Ne5 Qc8 19. Bc2 Rxd1 20. Rxd1 Qa8 21. f3 Nh5 22. Bh6 Bh8 23. Qxc5 Qb8 24. Re1 Qd6 25. Qe3 Rc8 26. b3 Qa3 27. Bb1 Qb2 28. Nd3 Qc3 29. Qxe7 Bc6 30. Kh2 Bf6 31. Qb4 Qd4 32. c5 Qd8 33. Qg4 Bd7 34. Qc4 Qc7+ 35. Bf4 Nxf4 36. Qxf4 Qxf4+ 37. Nxf4 Rxc5 38. Rd1 Bc6 39. Kg1 a5 40. Be4 Bxe4 41. fxe4 Rc2 42. Nd5 Be5 43. a4 Bg3 44. Rb1 Bf2+ 45. Kh1 Bc5 46. Nf4 Bd6 47. Nd5 Re2 48. Rd1 Be5 49. Ne7+ Kg7 50. Nc6 Bc7 51. b4 Rxe4 52. bxa5 Rxa4 53. Kg1 Rc4 54. Ne7 Bxa5 55. Nd5 Bd8 56. Kf2 Rc2+ 57. Kf3 Bg5 58. Rd3 h5 59. g4 h4 60. Ke4 Rf2 61. Rf3 Re2+ 62. Kd3 Rd2+ 63. Ke4 Rg2 64. Rb3 Re2+ 65. Kf3 Re5 66. Rd3 Re8 67. Rd1 f5 68. gxf5 gxf5 69. Rg1 Kh6 70. Rb1 Re5 71. Rb6+ Kg7 72. Nf4 Kf7 1/2-1/2

[Event "GER-ch 82nd"]
[Site "Bonn"]
[Date "2011.06.02"]
[Round "8"]
[White "Mertens, Heiko"]
[Black "Poetsch, Hagen"]
[Result "1/2-1/2"]
[WhiteElo "2355"]
[BlackElo "2424"]
[PlyCount "64"]
[EventDate "2011.05.26"]
[EventType "swiss"]
[EventRounds "9"]
[EventCountry "GER"]
[SourceTitle "CBM 142 Extra"]
[Source "ChessBase"]
[SourceDate "2011.06.27"]
[SourceVersion "1"]
[SourceVersionDate "2011.06.27"]
[SourceQuality "1"]

1. e4 Nc6 2. c4 e5 3. Nc3 Bc5 4. d3 d6 5. g3 f5 6. Nf3 Nf6 7. Bg2 0-0 8. 0-0 Qe8 9. Be3 fxe4 10. dxe4 Bxe3 11. fxe3 Qh5 12. Qd3 Nb4 13. Qd2 Be6 14. b3 a5 15. Nh4 Ng4 16. h3 Nh6 17. Nd5 Bxd5 18. cxd5 Qg5 19. Kh2 Na6 20. Nf3 Qh5 21. Nh4 b6 22. Rf3 g5 23. Nf5 g4 24. Nxh6+ Qxh6 25. Rxf8+ Rxf8 26. h4 Nc5 27. Qe2 Qg6 28. Rc1 Rf7 29. Qc2 Qh6 30. Qe2 Qg6 31. Qc2 Qh6 32. Qe2 Qg6 1/2-1/2

[Event "GER-ch 82nd"]
[Site "Bonn"]
[Date "2011.05.27"]
[Round "2"]
[White "Mertens, Heiko"]
[Black "Huschenbeth, Niclas"]
[Result "0-1"]
[WhiteElo "2355"]
[BlackElo "2502"]
[PlyCount "138"]
[EventDate "2011.05.26"]
[EventType "swiss"]
[EventRounds "9"]
[EventCountry "GER"]
[SourceTitle "CBM 142 Extra"]
[Source "ChessBase"]
[SourceDate "2011.06.27"]
[SourceVersion "1"]
[SourceVersionDate "2011.06.27"]
[SourceQuality "1"]

1. e4 c5 2. Nf3 d6 3. d4 cxd4 4. Nxd4 Nf6 5. Nc3 a6 6. a4 g6 7. Be2 Bg7 8. 0-0 0-0 9. Be3 Nc6 10. f4 Qc7 11. Kh1 Bd7 12. Nf3 Rac8 13. Nd2 Nb4 14. Ra3 Be6 15. g4 h6 16. f5 Bd7 17. Rb3 a5 18. g5 hxg5 19. Bxg5 d5 20. Bf4 Qc5 21. e5 Bxf5 22. exf6 Bxf6 23. Bh6 Bxc2 24. Qe1 Rfd8 25. Bg4 Rc6 26. Ra3 Nd3 27. Qe2 Nxb2 28. Nb5 Bxa4 29. Rxa4 Nxa4 30. Nb3 Qc4 31. Nxa5 Qxe2 32. Bxe2 Re6 33. Bf3 b6 34. Nb3 Rc6 35. Be3 Rc4 36. Nd2 Rb4 37. Nc7 Nc3 38. Ra1 Ne4 39. Rd1 Nxd2 40. Bxd2 Rb3 41. Rf1 Kg7 42. Bf4 e5 43. Bg3 Rc3 44. Na6 e4 45. Bg2 Rc4 46. Nc7 Bc3 47. Nb5 f6 48. Bc7 Rd7 49. Bxb6 Rb4 50. Ba5 Rxb5 51. Bxc3 d4 52. Ba1 f5 53. Rd1 Kf7 54. Kg1 d3 55. Bf1 Rc5 56. h4 Rc2 57. Be5 Rb7 58. Bf4 Rcb2 59. Ra1 Rb1 60. Ra6 Rd1 61. Ra2 Rbb1 62. Rf2 Ke6 63. Kg2 Kd5 64. Bg5 Ke5 65. Bf4+ Kd4 66. Bd2 f4 67. Bxf4 e3 68. Ra2 Rd2+ 69. Rxd2 exd2 0-1

[Event "GER-ch 82nd"]
[Site "Bonn"]
[Date "2011.05.26"]
[Round "1"]
[White "Buhmann, Rainer"]
[Black "Mertens, Heiko"]
[Result "1/2-1/2"]
[WhiteElo "2579"]
[BlackElo "2355"]
[PlyCount "58"]
[EventDate "2011.05.26"]
[EventType "swiss"]
[EventRounds "9"]
[EventCountry "GER"]
[SourceTitle "CBM 142 Extra"]
[Source "ChessBase"]
[SourceDate "2011.06.27"]
[SourceVersion "1"]
[SourceVersionDate "2011.06.27"]
[SourceQuality "1"]

1. Nf3 c5 2. c4 Nf6 3. Nc3 g6 4. e4 Nc6 5. d4 cxd4 6. Nxd4 Bg7 7. Be3 d6 8. Be2 Nxd4 9. Qxd4 0-0 10. Qd2 a5 11. 0-0 a4 12. Rac1 Qa5 13. f3 Be6 14. Nd5 Qxd2 15. Nxe7+ Kh8 16. Bxd2 Rfe8 17. Nd5 Nxd5 18. cxd5 Bxd5 19. Bc4 Bd4+ 20. Kh1 Bxc4 21. Rxc4 Bxb2 22. Rb4 a3 23. Rxb7 Rec8 24. h4 Rc2 25. Bh6 Bg7 26. Rc1 Rxa2 27. Bxg7+ Kxg7 28. Rcc7 Rf8 29. Ra7 Kf6 1/2-1/2

[Event "Oberliga NRW 1011"]
[Site "Germany"]
[Date "2011.01.09"]
[Round "5.3"]
[White "Mertens, Heiko"]
[Black "Rosen, Bernd"]
[Result "1-0"]
[WhiteElo "2320"]
[BlackElo "2353"]
[PlyCount "117"]
[EventDate "2010.09.26"]
[EventType "team-tourn"]
[EventRounds "9"]
[EventCountry "GER"]
[SourceTitle "EXT 2012"]
[Source "ChessBase"]
[SourceDate "2011.11.24"]
[SourceVersion "1"]
[SourceVersionDate "2011.11.24"]
[SourceQuality "1"]
[WhiteTeam "Godesberg"]
[BlackTeam "Katernberg II"]
[WhiteTeamCountry "GER"]
[BlackTeamCountry "GER"]

1. e4 e6 2. d3 c5 3. Nf3 Nc6 4. g3 g6 5. Bg2 Bg7 6. 0-0 Nge7 7. Re1 d6 8. c3 e5 9. Be3 0-0 10. Na3 b6 11. Qd2 f5 12. exf5 Bxf5 13. Bg5 Rc8 14. Nc2 Qd7 15. Nh4 Be6 16. Bh6 d5 17. Bxg7 Kxg7 18. b4 cxb4 19. cxb4 Qd6 20. b5 Nd8 21. Nb4 Nf7 22. Qb2 d4 23. Rac1 Rc5 24. Nc6 Nxc6 25. Rxc5 bxc5 26. bxc6 Bd5 27. Bxd5 Qxd5 28. Qb7 Kg8 29. Rc1 Ng5 30. Qd7 Qxd7 31. cxd7 Ne6 32. Re1 Rd8 33. Rxe5 Kf7 34. Rd5 Ke7 35. Nf3 Rxd7 36. Rxd7+ Kxd7 37. Ne5+ Kd6 38. Nc4+ Kd5 39. Kf1 Nd8 40. Ke2 Nc6 41. a3 Nb8 42. f4 Nd7 43. g4 Nf6 44. h3 Ke6 45. Kf3 Nd5 46. Nd2 Nb6 47. Ke4 Na4 48. f5+ gxf5+ 49. gxf5+ Kd6 50. Nc4+ Ke7 51. Ke5 Nb6 52. f6+ Kd7 53. Nd2 Ke8 54. Ke6 Kf8 55. Ne4 c4 56. dxc4 d3 57. c5 Na8 58. Kd7 Kf7 59. Kc8 1-0

[Event "Milan Crespi op-A 31st"]
[Site "Milan"]
[Date "2010.12.04"]
[Round "1"]
[White "Mertens, Heiko"]
[Black "Barberi, Alessandro"]
[Result "1-0"]
[WhiteElo "2320"]
[BlackElo "2077"]
[PlyCount "46"]
[EventDate "2010.12.04"]
[EventType "swiss"]
[EventRounds "9"]
[EventCountry "ITA"]
[SourceTitle "CBM 139 Extra"]
[Source "ChessBase"]
[SourceDate "2011.01.05"]
[SourceVersion "1"]
[SourceVersionDate "2011.01.05"]
[SourceQuality "1"]

1. e4 c5 2. Nf3 d6 3. d4 cxd4 4. Nxd4 Nf6 5. Nc3 g6 6. f4 Nc6 7. Nxc6 bxc6 8. e5 dxe5 9. Qxd8+ Kxd8 10. fxe5 Nd5 11. Bd2 Bg7 12. 0-0-0 Be6 13. Ne4 Ke8 14. Nc5 Bf5 15. Ba6 Rb8 16. Bb7 Rxb7 17. Nxb7 Bxe5 18. b3 f6 19. Na5 Bd7 20. Nc4 Bb8 21. Ne3 Kf7 22. g3 h5 23. c4 Bf5 1-0

[Event "BL2-West 0910"]
[Site "Germany"]
[Date "2010.03.21"]
[Round "8.4"]
[White "Coenen, Norbert"]
[Black "Mertens, Heiko"]
[Result "1/2-1/2"]
[WhiteElo "2351"]
[BlackElo "2333"]
[PlyCount "149"]
[EventDate "2009.10.18"]
[EventType "team-tourn"]
[EventRounds "9"]
[EventCountry "GER"]
[SourceTitle "EXT 2011"]
[Source "ChessBase"]
[SourceDate "2010.11.26"]
[SourceVersion "1"]
[SourceVersionDate "2010.11.26"]
[SourceQuality "1"]
[WhiteTeam "Aachen"]
[BlackTeam "Godesberg"]
[WhiteTeamCountry "GER"]
[BlackTeamCountry "GER"]

1. e4 c5 2. Nf3 e6 3. b3 Nf6 4. e5 Nd5 5. c4 Ne7 6. Bb2 Nbc6 7. d4 cxd4 8. Nxd4 Nxd4 9. Qxd4 Nc6 10. Qe3 Qa5+ 11. Nd2 Ba3 12. Bxa3 Qxa3 13. Qc3 Qc5 14. f4 Qb4 15. Qe3 0-0 16. Bd3 f5 17. exf6 gxf6 18. 0-0 b6 19. Rad1 Bb7 20. Ne4 f5 21. Qg3+ Kh8 22. Ng5 Qe7 23. Be2 Rg8 24. Qc3+ Rg7 25. Rf3 e5 26. Rh3 Nd4 27. Rxd4 exd4 28. Qxd4 Kg8 29. Re3 Qc5 30. Qxc5 bxc5 31. Re5 h6 32. Nf3 Be4 33. Rxc5 d6 34. Ra5 Kf7 35. Kf2 a6 36. g3 Kf6 37. Nd2 Bc2 38. Bf3 Raa7 39. Nf1 Rgd7 40. Ne3 Bb1 41. Bc6 Rg7 42. Nd5+ Ke6 43. Nb4 h5 44. Nxa6 Kf6 45. b4 Bd3 46. Bd5 Rge7 47. Ra3 Re2+ 48. Kf3 Rxh2 49. Ke3 Bf1 50. b5 Rb2 51. Kd4 Re7 52. Kc3 Ree2 53. Rb3 Rec2+ 54. Kb4 Rxa2 55. Nc7 Ke7 56. b6 Kd7 57. Nb5 Ra6 58. b7 Rb6 59. Ka5 Rxb7 60. Bxb7 Bxc4 61. Rc3 Ra2+ 62. Na3 d5 63. Ba6 Bxa6 64. Kxa6 d4 65. Rb3 Kc6 66. Ka5 Kd5 67. Kb4 h4 68. gxh4 Rh2 69. Nc4 Rxh4 70. Rf3 Rh2 71. Ne5 Rb2+ 72. Ka3 Rb7 73. Rb3 Rxb3+ 74. Kxb3 Ke4 75. Kc4 1/2-1/2

[Event "BL2-West 0910"]
[Site "Germany"]
[Date "2010.01.24"]
[Round "5.5"]
[White "Wegener, Olaf"]
[Black "Mertens, Heiko"]
[Result "1-0"]
[WhiteElo "2405"]
[BlackElo "2333"]
[PlyCount "79"]
[EventDate "2009.10.18"]
[EventType "team-tourn"]
[EventRounds "9"]
[EventCountry "GER"]
[SourceTitle "EXT 2011"]
[Source "ChessBase"]
[SourceDate "2010.11.26"]
[SourceVersion "1"]
[SourceVersionDate "2010.11.26"]
[SourceQuality "1"]
[WhiteTeam "Dortmund Hansa"]
[BlackTeam "Godesberg"]
[WhiteTeamCountry "GER"]
[BlackTeamCountry "GER"]

1. e4 c5 2. Nf3 Nc6 3. d4 cxd4 4. Nxd4 Nf6 5. Nc3 e5 6. Ndb5 d6 7. Bg5 a6 8. Na3 b5 9. Nd5 Be7 10. Bxf6 Bxf6 11. c4 b4 12. Nc2 a5 13. Be2 0-0 14. 0-0 Bg5 15. Qd3 Rb8 16. Rad1 g6 17. Nde3 Qb6 18. Bf3 Bxe3 19. Nxe3 Nd4 20. b3 Be6 21. Nc2 Nxc2 22. Qxc2 a4 23. Rd3 axb3 24. axb3 Ra8 25. Rfd1 Rfd8 26. Qe2 Ra3 27. Bg4 Bxg4 28. Qxg4 Ra2 29. Qh4 Kg7 30. Rf3 Rd7 31. Qf6+ Kg8 32. g4 Re2 33. Rd5 Rxe4 34. h3 Re1+ 35. Kh2 e4 36. Rf4 e3 37. Rb5 Qa7 38. fxe3 Rxe3 39. Rf2 Re6 40. Qf3 1-0